000 01068njm a2200289Ia 4500
001 24135
003 IT-RoPAU
005 20220918181129.0
008 131025s9999 xx 000 0 und d
040 _aIT-RoPAU
040 _cIT-RoPAU
999 _c100458
_d100458
999 _bn.d.
100 _aEno Brian
_99027
100 _eAutore musica
_99028
100 _gCodice autore musica SPICS: 11870
_99029
245 _aAnother Green World
250 _a1a ed.
260 _aITALIA
260 _bPOLYDOR
_c1975 [1a Ed.:1975 - Ed. Lingua Orig.: 1975]
300 _aDISCO
300 _c41 minuti (Testo: pag.)
500 _aMusica strumentale composta da Brian Eno
505 _aSky Saw - Over Fire Island - St. Elmo's Fire - In Dark Trees - The Big Ship - I'll Come Running - Another Green World - Sombre Repiiles - Little Fishes - Golden Hours - Bacalmed - Zawinul Lava - Everything Merges With The Night - Spirit Drifting
650 _aSTRUMENTALE [DISCHI]
_eCodice MATERIA SPICS: 9950
_9828
700 _aEno Brian
_gCodice Autore SPICS: 11870
_eAutore
_99030
942 _cMD
_2ddc